Tous les Français champions du monde d'Athlétisme - Statistiques

Statistiques générales
  • Ce quiz a été pris 85 fois
  • Le résultat moyen est 9 sur 12
Statistiques - réponses
Édition Épreuve Athlète % Correct
Londres 2017 Décathlon H Kevin Mayer
97%
Tokyo 2025 10 000 m H Jimmy Gressier
91%
Tokyo 1991 400 m F Marie-José Pérec
90%
Londres 2017 800 m H Pierre-Ambroise Bosse
81%
Paris 2003 4 x 400 m H Leslie Djhone / Naman Keïta / Stéphane Diagana / Marc Raquil / Ahmed Douhou
77%
Athènes 1997 400 m haies H Stéphane Diagana
74%
Londres 2017 50 km marche H Yohann Diniz
74%
Moscou 2013 Triple Saut H Teddy Tamgho
67%
Helsinki 2005 4 x 100 m H Ladji Doucouré / Ronald Pognon / Eddy De Lépine / Lueyi Dovy / Oudéré Kankarafou
57%
Helsinki 2005 110 m haies H Ladji Doucouré
56%
Séville 1999 Heptathlon Eunice Barber
54%
Paris 2003 4 x 100 m F Patricia Girard-Léno / Muriel Hurtis / Sylviane Felix / Christine Arron
53%
Aucun quiz correspondant
Distribution des résultats
% des personnes avec chaque résultat
Percentile par nombre de réponses
Votre historique - résultats
Vous n’avez pas pris ce quiz